ARRUPE JESUIT UNIVERSITY

CORONAVIRUS -STOP THE SPREAD - CLEAN,DISINFECT,COVER
Normal view MARC view

Entry Geographic Name

Number of records used in: 1

001 - CONTROL NUMBER

  • control field: 20387

003 - CONTROL NUMBER IDENTIFIER

  • control field: ARRUPE

005 - DATE AND TIME OF LATEST TRANSACTION

  • control field: 20151020150339.0

008 - FIXED-LENGTH DATA ELEMENTS

  • fixed length control field: 151020|| aca||aabn | a|a d

040 ## - CATALOGING SOURCE

  • Original cataloging agency: ARRUPE
  • Transcribing agency: ARRUPE

151 ## - HEADING--GEOGRAPHIC NAME

  • Geographic name: United States
  • General subdivision: Civilization
  • Chronological subdivision: 1783-1865.

670 ## - SOURCE DATA FOUND

  • Source citation: Work cat.: (ARRUPE)0: Boorstin, Daniel J. (Daniel Joseph), 1914-2004. 20385, The Americans, the national experience /, 1965.

 

Arrupe Library. PO Box MP320 Mt Pleasant, Harare, Zimbabwe
263 242 745411|librarian@aju.ac.zw